Responses for Show #3716 - Monday, October 30, 2000

Brad Rutter game 1.

Contestants

[<< previous game]

Brad Rutter, a college student from Lancaster, Pennsylvania

Regina Sutton, a customer service representative from Birmingham, Alabama

David Franklin, a filmmaker and professor from Brooklyn, New York (whose 2-day cash winnings total $10,799)

[next game >>]

Jeopardy! Round responses

WELCOME TO MY COUNTRY
METALS
GO GO GAUGUIN
FILE UNDER "M"
ANIMATED CATS
MAO, MAO, MAO, MAO
    $100 1
Italy

Brad
    $100 15
gold

Regina
    $100 6
Tahiti

David
    $100 16
milk

David
    $100 12
Tom

Regina
    $100 8
Richard Nixon

David
    $200 2
Israel

David
    $200 17
iron

Regina
    $200 7
Vincent Van Gogh

Brad
    $200 18
(Brad: What is a mouse?)

monitor

Brad
Triple Stumper
    $200 13
Sylvester

Regina
    $200 23
Peking/Beijing

Regina
    $300 3
the Philippines

David
    $300 28
mercury

Brad
    $300 9
stock market

David
    $300 19
mace

Regina
    $300 14
(Regina: Who is Felix the Cat?)

Fritz the Cat

DavidRegina
    $300 24
Josef Stalin

David
    $400 4
Indonesia

David
    $400 29
(Regina: What are aluminum, nickel, and copper?)

aluminum, nickel & cobalt

ReginaBrad
    $400 10
(Brad: What is The Raven?)

Nevermore

DavidBrad
    $500 22
Mersey

Regina
    $400 20
Figaro

Regina
    $400 26
The Little Red Book

David
    $500 5
Nicaragua

Triple Stumper
    $500 30
zinc

Brad
    $500 11
Jacob

Regina
    $500 25
(Alex: Less than a minute to go.)

John Muir

Triple Stumper
    $500 21
Mr. Jinks ("Jinksie")

Regina
    $500 27
The Long March

Brad

Scores at the first commercial break (after clue 15):

David Regina Brad
$2,100 $600 -$100

Scores at the end of the Jeopardy! Round:

David Regina Brad
$2,900 $2,300 $1,400

Double Jeopardy! Round responses

SHAKESPEARE'S OPENING LINES
HEY, MARIO!
BRIDGE ON THE RIVER...
RUNNING MATES
13-LETTER WORDS
TONY BENNETT'S SONGBOOK
    $200 7
Romeo & Juliet

Regina
    $200 11
Thames

David
    $200 1
Bob Dole

Brad
    $200 15
generalissimo

Regina
    $200 4
"I Left My Heart In San Francisco"

Brad
    $400 10
Richard III

Brad
    $400 12
Seine

Regina
    $400 2
Bob Dole

Brad
    $400 16
(Regina: What is [**]?)
[Initially ruled incorrect; reversed before the Daily Double at clue 20]

perpendicular (complementary accepted)

DavidRegina
    $400 8
(Regina: Who is Billie Holiday?)

Judy Garland ("Over The Rainbow")

Regina
Triple Stumper
    $600 17
A Midsummer Night's Dream

Regina
    $600 28
[The end-of-round signal sounds.]

Mario Puzo

Brad
    $600 25
Mississippi

Regina
    $600 3
(Alex: Don't say Bob Dole!)

Franklin D. Roosevelt

Regina
    $600 18
Machiavellian

Regina
    $600 9
Duke Ellington

David
    $500 21
(Regina: What is The Taming of the Shrew?)

Julius Caesar

Regina
    $800 26
Mario Lemieux

Brad
    $800 27
Rhine

David
    $800 5
Sargent Shriver

Brad
    $800 19
a daguerreotype

Regina
    $800 13
Goodfellas

Regina
    $1000 22
King Lear

Brad
    $1000 24
(David: Who is... Mario Llamas?)

Mario Lanza

DavidBrad
    $1000 23
(Alex: Minute to go.)

Tiber

Brad
    $1000 6
Admiral James Stockdale

David
    $1,500 20
(Regina: What is bituminous?)

Carboniferous

Regina
    $1000 14
Jerome Kern

Triple Stumper

Scores at the end of the Double Jeopardy! Round:

David Regina Brad
$4,900 $5,100 $7,800

[wagering suggestions for these scores]

Final Jeopardy! Round responses

IN THE NEWS 2000
[DFC: Distinguished Flying Cross;
POW: Prisoner of War Medal]
DavidWho is Francis Gary Powers?
$0
ReginaWho was Powers?
$5,100
BradWho is Powers?
$2,401
Francis Gary Powers

Final scores:

David Regina Brad
$4,900 $10,200 $10,201
3rd place 2nd place New champion: $10,201

Game dynamics:

Coryat scores:

David Regina Brad
$4,900 $7,000 $7,800
16 R,
1 W
20 R
(including 1 DD),
5 W
(including 2 DDs)
16 R,
2 W

Combined Coryat: $19,700

[game clues] [game scores] [suggest correction]

Game tape date: 2000-09-27
The J! Archive is created by fans, for fans. Scraping, republication, monetization, and malicious use prohibited; this site may use cookies and collect identifying information. See terms. The Jeopardy! game show and all elements thereof, including but not limited to copyright and trademark thereto, are the property of Jeopardy Productions, Inc. and are protected under law. This website is not affiliated with, sponsored by, or operated by Jeopardy Productions, Inc. Join the discussion at JBoard.tv.